Mạng lưới thoát nước

Cung cấp tài liệu tham khảo cho các cán bộ quản lý, nghiên cứu, thiết kế và xây dựng thuộc lĩnh vực cấp thoát nước. Nội dung trình bày những kiến thức cơ bản về thiết kế xây dựng hệ thống thoát nước như sơ đồ thoát nước, tính t...

全面介紹

Đã lưu trong:
書目詳細資料
主要作者: Hoàng, Huệ
格式: 圖書
語言:Undetermined
出版: Hà Nội Xây dựng 2010
主題:
標簽: 添加標簽
沒有標簽, 成為第一個標記此記錄!
Thư viện lưu trữ: Trung tâm Học liệu Trường Đại học Cần Thơ
LEADER 01250nam a2200229Ia 4500
001 CTU_168887
008 210402s9999 xx 000 0 und d
020 |c 42000 
082 |a 628.2 
082 |b H507 
100 |a Hoàng, Huệ 
245 0 |a Mạng lưới thoát nước 
245 0 |c Hoàng Huệ, Phan Đình Bưởi 
260 |a Hà Nội 
260 |b Xây dựng 
260 |c 2010 
520 |a Cung cấp tài liệu tham khảo cho các cán bộ quản lý, nghiên cứu, thiết kế và xây dựng thuộc lĩnh vực cấp thoát nước. Nội dung trình bày những kiến thức cơ bản về thiết kế xây dựng hệ thống thoát nước như sơ đồ thoát nước, tính toán thủy lực, những công trình mạng lưới thoát nước, trạm bơm nước thảy ... 
526 |a Thiết kế mạng lưới thoát nước đô thị và công nghiệp 
526 |b MT693 
650 |a Sewerage,Sewage disposal,Hệ thống thoát nước,Xử lý nước thảy 
904 |i Trọng Hiếu 
980 |a Trung tâm Học liệu Trường Đại học Cần Thơ